00876nam a2200241 a 450000100100000000500170001000800410002704000250006808200150009310000260010824500610013426000360019530000270023149000570025865000260031565000180034165000350035983000640039491000370045804900090049595201130050499900170061700002816520260313090909.0110407s2002 dr a 000 0 spa d aDO-SdBNPbspacBNPHU a323bS487s1 aSerrano, Mario91038513aLa sociedad civil : aportes y desafios /cMario Serrano. aSanto Domingo :bBúho,c2002. a52 p. :bil. ;c21 cm.0 aCentro de estudios sociales Padre Juan Montalvo, SJ. 0aSociedad civil950441 0aPobreza91525 0aParticipación social 977777 0aCentro de estudios sociales Padre Juan Montalvo, SJ.955163 aValidado. Control de calidad MFF aBNPD 0010718PDaPDbPDcHDd2011-04-07iLF1l0o323 S487sp28165-10r2020-06-25w2020-06-25yLFPDZNo se presta c27657d27657